000 00311 a2200133 4500
001 153582
040 _cEscola São Tomás de Aquino
100 _aCARRASCO, Walcyr
240 1 0 _aO mistério da gruta
_lpor
245 1 0 _aO mistério da gruta
362 0 _a2002
697 _a*LITERATURA JUVENIL
942 _cBK
999 _c153582
_d153582